GENDER TERRAINS IN AFRICAN CINEMA (Record no. 9488)

MARC details
000 -LEADER
fixed length control field 01314cam a2200409 a 4500
001 - CONTROL NUMBER
control field 18241514
003 - CONTROL NUMBER IDENTIFIER
control field OSt
005 - DATE AND TIME OF LATEST TRANSACTION
control field 20260502074924.0
008 - FIXED-LENGTH DATA ELEMENTS--GENERAL INFORMATION
fixed length control field 140725s2014 sa a b 001 0 eng d
010 ## - LIBRARY OF CONGRESS CONTROL NUMBER
LC control number 2014385286
020 ## - INTERNATIONAL STANDARD BOOK NUMBER
International Standard Book Number 9781868887354
020 ## - INTERNATIONAL STANDARD BOOK NUMBER
International Standard Book Number 9781868887354
035 ## - SYSTEM CONTROL NUMBER
System control number 18241514
035 ## - SYSTEM CONTROL NUMBER
System control number (OCoLC)884493042
040 ## - CATALOGING SOURCE
Original cataloging agency OI@
Language of cataloging eng
Transcribing agency IRDP
Modifying agency OCLCQ
-- DLC
042 ## - AUTHENTICATION CODE
Authentication code lccopycat
043 ## - GEOGRAPHIC AREA CODE
Geographic area code f------
050 00 - LIBRARY OF CONGRESS CALL NUMBER
Classification number PN1995.9.W6
Item number D55 2014
082 ## - DEWEY DECIMAL CLASSIFICATION NUMBER
Classification number 305.489 6 DIP
100 1# - MAIN ENTRY--PERSONAL NAME
Personal name DIPLO, DOMINICA
245 10 - TITLE STATEMENT
Title GENDER TERRAINS IN AFRICAN CINEMA
Statement of responsibility, etc. DOMINICA DIPLO
260 ## - PUBLICATION, DISTRIBUTION, ETC. (IMPRINT)
Place of publication, distribution, etc. PRETIRIA SOUTH AFRICA
Name of publisher, distributor, etc. UNISA PRESS
Date of publication, distribution, etc. 2014.
300 ## - PHYSICAL DESCRIPTION
Extent xiv, 227 pages :
Other physical details illustrations ;
Dimensions 24 cm.
336 ## - CONTENT TYPE
Content type term text
Content type code txt
Source rdacontent
337 ## - MEDIA TYPE
Media type term unmediated
Media type code n
Source rdamedia
338 ## - CARRIER TYPE
Carrier type term volume
Carrier type code nc
Source rdacarrier
490 1# - SERIES STATEMENT
Series statement African humanities series
504 ## - BIBLIOGRAPHY, ETC. NOTE
Bibliography, etc Includes bibliographical references and index.
650 #0 - SUBJECT ADDED ENTRY--TOPICAL TERM
Topical term or geographic name as entry element Motion pictures and women
Geographic subdivision Africa.
650 #0 - SUBJECT ADDED ENTRY--TOPICAL TERM
Topical term or geographic name as entry element Women in motion pictures.
650 #0 - SUBJECT ADDED ENTRY--TOPICAL TERM
Topical term or geographic name as entry element Feminism and motion pictures
Geographic subdivision Africa.
650 #0 - SUBJECT ADDED ENTRY--TOPICAL TERM
Topical term or geographic name as entry element Motion pictures
Geographic subdivision Africa
General subdivision History and criticism.
830 #0 - SERIES ADDED ENTRY--UNIFORM TITLE
Uniform title African humanities series.
906 ## - LOCAL DATA ELEMENT F, LDF (RLIN)
a 7
b cbc
c copycat
d 2
e ncip
f 20
g y-gencatlg
942 ## - ADDED ENTRY ELEMENTS (KOHA)
Source of classification or shelving scheme Dewey Decimal Classification
Koha item type BOOKS
Holdings
Withdrawn status Lost status Source of classification or shelving scheme Damaged status Not for loan Home library Current library Date acquired Total Checkouts Full call number Barcode Date last seen Price effective from Koha item type
    Dewey Decimal Classification     Dodoma Dodoma 02/05/2026   305.489 6 DIP LIB001943 02/05/2026 02/05/2026 BOOKS

IRDP © 2021 :: Managed by ICT Team